000 003120000a22001450004500
003 MACL
040 _aMACL
090 _c6096
_d6095
100 _aParl Blacker
245 _aPatterna of Life on Earth
260 _bCambridge University Press
_c1984
350 _a65
650 _aLife Science
942 _cBOOK
_k570
999 _c6048
_d6048